00362nam a2200145Ia 450000500170000000800410001708200160005810000200007424500370009426000380013130000130016965000130018265000090019565000120020420240618014918.0240331s9999 xx 000 0 und d bGANa891.48 aGanesalingan, S 0aEenath thozhilcS. Ganeshalingan aChennaibKumaran Publishersc1997 a171 p ., aMilitary aLaws aHistory